000 00535nam a2200217Ia 4500
005 20251020182518.0
008 200515s9999 xx 000 0 und d
082 _a684.48:06/D14
245 0 _aMuebles auxiliares : Mobiliario en hierro forjado : herrería artesanal
260 _aCórdova
260 _cs.a.
300 _aEdiciones Daly
500 _a1 ejemplar
650 _aHERRERIA
650 _aHIERRO
650 _aHIERRO FORJADO
650 _aLIB
650 _aMUEBLES
650 _aMUEBLES AUXILIARES
942 _cLIB
999 _c1653
_d1653